| 000 | 00413nam a22001577a 4500 | ||
|---|---|---|---|
| 020 | _a9788172338770 | ||
| 082 |
_a630 _bPAR/OB |
||
| 100 |
_aPrathiban,K.T _9484 |
||
| 100 |
_aVennila,S _9485 |
||
| 100 |
_aUmesh Kanna,S _9486 |
||
| 100 |
_aDurairasu,P _9487 |
||
| 245 | _aObjective Forestry For Competitive Examinations | ||
| 260 |
_aNew Delhi _bScientific Publishers(India) _c2014 |
||
| 300 | _a266 | ||
| 942 | _cBK | ||
| 999 |
_c14341 _d14341 |
||